000
00466nam a2200181Ia 4500
008
100917s9999 xx 000 0 und d
082
_b
44248
100
_a
देसाई नयनतारा
245
_a
मळभ
260
_b
उत्कर्ष प्रकाशन
_c
1980
300
_a
183
365
_b
20
520
_a
कादंबरी
630
_a
मळभ
650
_a
कादंबरी
730
_a
मळभ
942
_c
BOOK
999
_c
649642
_d
649639